000 01590nam0a2200373 4500
001 RU\NLR\BIBL_A\010354974
005 20260406134243.0
010 _a978-5-386-06336-8
_950000
021 _aRU
_b2014-15639
035 _a(NLR Aleph) 010354974
035 _a(NILC)RuMoRGB-006758671
090 _a10759843
_c10759843
100 _a20140508d2013 c y0rusy50 ca
101 1 _arus
_cdan
102 _aRU
105 _aa|||z|||000ay
200 1 _aДикие лебеди
_e[для младшего школьного возраста]
_fГанс Христиан Андерсен
_g[пер. с дат. А. и П. Ганзен]
_gрис. Э. Булатова и О. Васильева
210 _aМосква
_cРИПОЛ классик
_d2013
215 _a38, [1] с.
_cцв. ил.
_d29
225 1 _aЛюбимые книги детства
225 1 _aЧудеса бывают!
675 _a821.113.4-34
686 0 _aШ9(4Д)60-4
700 1 _7ca
_8rus
_aАндерсен
_bХ. К.
_f1805-1875
_gХанс Кристиан
_9112181
_3RU\NLR\AUTH\772165
702 1 _4040
_7ca
_8rus
_aБулатов
_bЭ. В.
_f1933-2025
_gЭрик Владимирович
_9102513
_3RU\NLR\AUTH\77119588
702 1 _4040
_7ca
_8rus
_aВасильев
_bО. В.
_cхудожник
_f1931-2013
_gОлег Владимирович
_916380
_3RU\NLR\auth\7733372
801 0 _aRU
_bRuMoRKP
_c20131031
_gRCR
801 2 _aRU
_bРГБ
_c20140318
_grcr
942 _cBOOK
980 _aNBR
980 _aNB